000 00767nam a2200241Ia 4500
001 9530
003 GE_BSU
008 181216s||||||||xx |||||||||||||| ||und||
040 _cGE_BSU
080 _a821.353.1–31
100 _aმაღლაფერიძე,თეიმურაზ
245 _aწყურვილი
245 _bრომანი
245 _cრედ.ა.ბრეგაძე.მხატვ.ზ.სამხარაძე
250 _aპირველი–მეორე გამოცემა
260 _aთბილისი
260 _bნაკადული
260 _c1973
300 _a347გვ.ილ.20სმ
653 _aრომანი
653 _aწყურვილი
942 _cBK
999 _c42824
_d42824